000 00648cam a2200217 4500500
005 20260405000858.0
041 _afre
042 _adc
100 1 0 _aDuru, Martin
_eauthor
245 0 0 _aMichel Onfray et Jacques-Alain Miller. En finir avec Freud ?
260 _c2010.
500 _a33
690 _aJacques-Alain Miller
690 _aLacan
690 _aMichel Onfray
690 _aMoeurs
690 _aPsychanalyse
690 _aSexe
786 0 _nPhilosophie magazine | 36 | 2 | 2010-02-01 | p. 21-24 | 1951-1787
856 4 1 _uhttps://shs.cairn.info/magazine-philosophie-magazine-2010-2-page-21?lang=fr&redirect-ssocas=7080
999 _c2041726
_d2041726